| 000 | 01023nam0a22002891 4500 | ||
|---|---|---|---|
| 001 | rc\4535064 | ||
| 005 | 20130416182158.1 | ||
| 021 |
_aRU _b[66-11398] |
||
| 035 | _a(NLR Aleph) 008632183 | ||
| 090 |
_a8889443 _c8889443 |
||
| 100 | _a20130416d1965 |||y0rusy50 ca | ||
| 101 | 0 | _arus | |
| 102 | _aRU | ||
| 105 | _ay z ||||| | ||
| 200 | 1 | _aПартия - организатор рабселькоровского движения в СССР. (1917-1937) | |
| 210 |
_aСаратов _cИзд-во Сарат. ун-та _d1965 |
||
| 215 |
_a120 с. _d20 |
||
| 320 | _aБиблиогр. обзор: с. 4-9 | ||
| 601 | 0 | 2 |
_aКПСС _xИстория _2psbo |
| 606 |
_aПартийные организации и их работа в области печати _2psbo |
||
| 606 |
_aРабселькоры _2psbo |
||
| 700 | 1 |
_aКожевников _bГ. А. _f1927- _gГеннадий Андреевич |
|
| 801 | 0 |
_aRU _bNLR _gpsbo |
|
| 801 | 1 |
_aRU _bELAR _2rusmarc |
|
| 852 |
_aNLR _j66-3/1323 |
||
| 942 | _cBOOK | ||
| 980 | _aNB | ||